| 000 | 01474nam a2200421 i 4500 | ||
|---|---|---|---|
| 001 | 12012 | ||
| 003 | KOSZ 005 | ||
| 005 | 20200630132825.0 | ||
| 008 | 981002s1968 pl a g 001 0 pol | ||
| 015 | _aPB 1968/1134 | ||
| 040 |
_aWA N _cKOSZ 005/RW _dKOSZ 005/RW |
||
| 080 | _a1(37+38)(091) | ||
| 100 | 1 |
_aLegowicz, Jan _d(1909-1992) _eAutor |
|
| 245 | 0 | 0 |
_aFilozofia starożytna Grecji i Rzymu / _cteksty wybrał i wstępem poprzedził Jan Legowicz ; [tł. z gr. i łac.]. |
| 260 |
_aWarszawa : _bPaństwowe Wydawnictwo Naukowe, _c1968. |
||
| 300 |
_a646 s., [2] s. : _berr., fot. ; _c18 cm. |
||
| 380 | _aKsiążki. | ||
| 490 | 1 | _aWybrane Teksty z Historii Filozofii. | |
| 504 | _aIndeks. | ||
| 648 | 4 | _a700-601 p.n.e. | |
| 648 | 4 | _a600-501 p.n.e. | |
| 648 | 4 | _a500-401 p.n.e. | |
| 648 | 4 | _a400-301 p.n.e. | |
| 648 | 4 | _a300-201 p.n.e. | |
| 648 | 4 | _a200-101 p.n.e. | |
| 648 | 4 | _a100-1 p.n.e. | |
| 650 | 4 |
_aFilozofia _xhistoria _y7 w. p.n.e.-5 w. |
|
| 650 | 4 |
_aFilozofia _y7 w. p.n.e.-5 w. |
|
| 648 | 4 | _a301-400 | |
| 648 | 4 | _a401-500 | |
| 648 | 4 | _a101-200 | |
| 648 | 4 | _a1-100 | |
| 648 | 4 | _a201-300 | |
| 710 | 2 |
_aPaństwowe Wydawnictwo Naukowe _4pbl. |
|
| 830 | 0 | _aWybrane Teksty z Historii Filozofii. | |
| 856 |
_uhttp://koha.tu.koszalin.pl/cgi-bin/koha/opac-detail.pl?biblionumber=12012 _yKatalog online BPK |
||
| 942 |
_2UKD _cKS |
||
| 999 |
_c12012 _d12012 |
||